[Event "Valpovo op (Women) 15th"]
[Site "Valpovo"]
[Date "2012.12.07"]
[Round "1"]
[White "Ivekovic, Ana"]
[Black "Petricevic, Marija"]
[Result "1-0"]
[WhiteElo "2019"]
[BlackElo "1629"]
[PlyCount "45"]
[EventDate "2012.12.07"]
[EventType "swiss (rapid)"]
[EventRounds "7"]
[EventCountry "CRO"]
[SourceTitle "CBM 151 Extra"]
[Source "ChessBase"]
[SourceDate "2012.12.18"]
[SourceVersion "1"]
[SourceVersionDate "2012.12.18"]
[SourceQuality "1"]

1. e4 c5 2. Nf3 e6 3. g3 Nc6 4. Bg2 d6 5. 0-0 Nf6 6. Re1 Qc7 7. c3 Be7 8. d4 0-0 9. e5 Nd7 10. Bf4 d5 11. a3 cxd4 12. cxd4 b6 13. Nc3 Qd8 14. Rc1 Ba6 15. Nxd5 exd5 16. Rxc6 Bb7 17. Rc1 Rc8 18. Qa4 a5 19. Rxc8 Bxc8 20. Rc1 Re8 21. Bh3 h6 22. Rxc8 Qxc8 23. Bxd7 1-0